000 00317nam a2200133Ia 4500
100 _aDerfler & Freed
942 _cBK
654 _aWindows for work groups
245 _aGuide to Windows for work Groups
260 _bZiff.Davis
_aCalifornia
_c1991
082 _a005.13 'W'
546 _aENGLISH
999 _c29582
_d29582